000 00319nam a22001217a 4500
082 _a370
100 _aMadan , kvs
_982604
245 _aNTA UGC NET SET JRF 2024 TEACHING AND RESEACH APTITUDE PAPER 1
250 _a8TH
260 _aNoida
_bpearson india education services
_c2024
650 _aEducation
942 _cBK
999 _c67244
_d67244